| 000 | 00363nam a2200133Ia 4500 | ||
|---|---|---|---|
| 008 | 210210b1992 xxu||||| |||| 00| 0 eng d | ||
| 082 | _a954.8 NILH | ||
| 100 | _aNILKANT (S). | ||
| 245 | _aHistory of the great maratha empire. | ||
| 260 |
_aDehradun. _bRishabh Publishers & Distributors., _c1992 |
||
| 300 | _axvi,640 | ||
| 690 | _aIndian History | ||
| 906 | _a046766 | ||
| 999 |
_c96139 _d96139 |
||